Statistics for St Lucia, St Kitts, or St Vincent

Click here to take the quiz!

General Stats

  • This quiz has been taken 43 times
  • The average score is 5 of 10

Answer Stats

QuestionAnswer% Correct
Castries is it's capitalSt Lucia
78%
This is the smallest country in the AmericasSt Kitts
68%
This country owns 32 islands, yet only 9 are inhabitedSt Vincent
62%
NBA Champion Chris Boucher is from this countrySt Lucia
51%
This country has the oldest botanical gardens in the Western HemisphereSt Vincent
49%
Alexander Hamilton was born hereSt Kitts
43%
The Breadfruit is a staple food of this countrySt Vincent
43%
This country is home to Green Ververt MonkeysSt Kitts
41%
A Parrot is the national bird of this countrySt Lucia
35%
Has a volcano called La SoufriereSt Vincent
30%

Score Distribution

Percentile by Number Answered

Percent of People with Each Score

Your Score History

You have not taken this quiz